|
|
|
|
| LEADER |
01360nam a2200385Ia 4500 |
| 001 |
EBC415434 |
| 003 |
MiAaPQ |
| 005 |
20200520144314.0 |
| 006 |
m o d | |
| 007 |
cr cn||||||||| |
| 008 |
070411s2007 enk sb 001 0 eng d |
| 020 |
|
|
|z 9780199218110 (hbk.) :
|
| 020 |
|
|
|z 0199218110 (hbk.) :
|
| 020 |
|
|
|z 9780199218127 (pbk.) :
|
| 020 |
|
|
|z 0199218129 (pbk.) :
|
| 035 |
|
|
|a (MiAaPQ)EBC415434
|
| 035 |
|
|
|a (Au-PeEL)EBL415434
|
| 035 |
|
|
|a (CaPaEBR)ebr10194262
|
| 035 |
|
|
|a (CaONFJC)MIL114967
|
| 035 |
|
|
|a (OCoLC)476242394
|
| 040 |
|
|
|a MiAaPQ
|c MiAaPQ
|d MiAaPQ
|
| 050 |
|
4 |
|a HC79.P6
|b I48 2007
|
| 082 |
0 |
4 |
|a 339.46
|2 22
|
| 245 |
0 |
0 |
|a Inequality and poverty re-examined
|h [electronic resource] /
|c Stephen P. Jenkins, John Micklewright, editors.
|
| 260 |
|
|
|a Oxford :
|b Oxford University Press,
|c 2007.
|
| 300 |
|
|
|a xvii, 306 p.
|
| 504 |
|
|
|a Includes bibliographical references and index.
|
| 533 |
|
|
|a Electronic reproduction. Ann Arbor, MI : ProQuest, 2015. Available via World Wide Web. Access may be limited to ProQuest affiliated libraries.
|
| 650 |
|
0 |
|a Equality.
|
| 650 |
|
0 |
|a Poverty.
|
| 655 |
|
4 |
|a Electronic books.
|
| 700 |
1 |
|
|a Jenkins, Stephen P.
|
| 700 |
1 |
|
|a Micklewright, John.
|
| 710 |
2 |
|
|a ProQuest (Firm)
|
| 856 |
4 |
0 |
|u https://ebookcentral.proquest.com/lib/matrademy/detail.action?docID=415434
|z Click to View
|